Centro América: Descentralización y asociacionismo municipal; la descentralización desde la perspectiva de las municipalidades /
Αποθηκεύτηκε σε:
| Κύριος συγγραφέας: | |
|---|---|
| Συγγραφή απο Οργανισμό/Αρχή: | |
| Άλλοι συγγραφείς: | , |
| Μορφή: | Κείμενο |
| Έκδοση: |
Managua:
UCA. CASC
|
| Ετικέτες: |
Προσθήκη ετικέτας
Δεν υπάρχουν, Καταχωρήστε ετικέτα πρώτοι!
|
MARC
| LEADER | 00000 a a2200000 04500 | ||
|---|---|---|---|
| 001 | 12252 | ||
| 003 | |||
| 040 | |||
| 090 | |a 142400 | ||
| 100 | |a Ortega Hegg, Manuel | ||
| 110 | |a Universidad Centroamericana, Managua. Centro de Análisis Socio-Cultural | ||
| 245 | |a Centro América: Descentralización y asociacionismo municipal; la descentralización desde la perspectiva de las municipalidades / |c Manuel Ortega Hegg | ||
| 260 | |a Managua: |b UCA. CASC | ||
| 300 | |a v, 158 p. | ||
| 300 | |b **no definido** | ||
| 700 | |a coord | ||
| 700 | |a Wallace S., María Guadalupe | ||
| 999 | |c 12431 |d 12431 | ||
